| 000 | 00680nam a2200241Ia 4500 | ||
|---|---|---|---|
| 005 | 20260429111858.0 | ||
| 008 | 260429s9999||||xx |||||||||||||| ||und|| | ||
| 020 | _a9780444522412 | ||
| 041 | _aEnglish | ||
| 082 |
_a615.321 _bRAI |
||
| 100 | _aRai, Mahendra | ||
| 245 | 0 |
_aNaturally occurring bioactive compounds / _cMahendra Rai |
|
| 260 |
_aOxford : _bElsevier, _c2006. |
||
| 300 | _axii, 502 p.; hb | ||
| 440 | _a advancess in phytomedicine vol 3 | ||
| 650 | _a Medicinal chemistry | ||
| 650 | _a Natural products | ||
| 650 | _a Pharmacology | ||
| 650 | _a Phytochemistry | ||
| 650 | _aBioactive compounds | ||
| 700 | _a Carpinella, Maria Cecilia | ||
| 942 | _cTB | ||
| 999 |
_c51245 _d51245 |
||